Las madres contra las mujeres (Registro nro. 437084)

Detalles MARC
000 -LÍDER
Campo fijo de descripción fija 00851nam a22002657a 4500
003 - IDENTIFICADOR DEL NÚMERO DE CONTROL
Campo de control BCEG
005 - FECHA Y HORA DE LA ULTIMA TRANSACCIÓN
control field 20260226165622.0
008 - ELEMENTOS DE LONGITUD FIJA -- INFORMACIÓN GENERAL
Campo fijo de descripción fija -- Información general 260226s1993 sp|||||| |||| 00| 0 spa d
020 ## - ISBN
Isbn 843760172X
040 ## - FUENTE DE CATALOGACIÓN
Agencia de catalogación original BCEG
Idioma de catalogación spa
Agencia que realiza la transcripción BCEG
082 04 - NÚMERO DE CLASIFICACIÓN DECIMAL DEWEY
Número de clasificación 305.4
Clave de autor-Numero de item L144m
100 1# - ASIENTO PRINCIPAL--NOMBRE PERSONAL
Nombre del autor personal Lacoste-Dujardin, Camille,
Fechas asociadas con el nombre 1919-2016.
245 14 - TÍTULO PROPIAMENTE DICHO
Título Las madres contra las mujeres
Otra información sobre el título - Subtitulo : patriarcado y maternidad en el mundo árabe.
260 ## - PUBLICACIÓN, DISTRIBUCIÓN, ETC. (PIE DE IMPRENTA)
Lugar de publicación, distribución, etc. Madrid :
Nombre del editor, distribuidor, etc. Cátedra,
Fecha de publicación, distribución, etc. 1993.
300 ## - DESCRIPCIÓN FÍSICA
Extensión 283 p.
490 ## - MENCIÓN DE SERIE
Mención de serie Feminismos.
504 ## - NOTA DE BIBLIOGRAFÍA, ETC.
Nota de bibliografía, etc Incluye bibliografía.
534 ## - NOTA DE VERSIÓN ORIGINAL
Frase introductoria Título original :
Título original Des mères contre les femmes : maternité et patriarcat au maghreb.
541 ## - NOTA DE FUENTE INMEDIATA DE ADQUISICIÓN
Nota de fuente de adquisición Donación.
650 14 - ASIENTO SECUNDARIO DE MATERIA - TERMINO TEMÁTICO
Término temático o nombre geográfico como elemento de entrada Mujeres
Subdivisión geográfica África del Norte.
650 14 - ASIENTO SECUNDARIO DE MATERIA - TERMINO TEMÁTICO
Término temático o nombre geográfico como elemento de entrada Madres
Subdivisión geográfica África del Norte.
650 14 - ASIENTO SECUNDARIO DE MATERIA - TERMINO TEMÁTICO
Término temático o nombre geográfico como elemento de entrada Patriercado
Subdivisión geográfica África del Norte.
700 1# - ASIENTO SECUNDARIO - NOMBRE PERSONAL
Nombre personal Martorell, Alicia,
Función o responsabilidad del autor tr.
942 ## - TIPO DE MATERIAL (KOHA)
Tipo de Item KOHA Libro
Existencias
No para Préstamo Colección Biblioteca de Origen Biblioteca Permanente Fecha de Adquisición Fuente de Adquisicion Total de Préstamos Signatura Topográfica Código de Barras Última vez visto Tipo de Material
Material en Reserva General Biblioteca Central Estatal de Guanajuato, "Wigberto Jiménez Moreno" Biblioteca Central Estatal de Guanajuato, "Wigberto Jiménez Moreno" 26/02/2026 DONAD   305.4 L144m BCEG8655230967 26/02/2026 Libro